Le nouvel entraînez-vous DALF : 250 activités

Salvato in:
Dettagli Bibliografici
Natura: Libro
Lingua:Undetermined
Pubblicazione: Paris CLE International 2007
Soggetti:
Tags: Aggiungi Tag
Nessun Tag, puoi essere il primo ad aggiungerne! !
Thư viện lưu trữ: Trung tâm Học liệu Trường Đại học Cần Thơ
LEADER 00652nam a2200217Ia 4500
001 CTU_134026
008 210402s9999 xx 000 0 und d
020 |c 460000 
082 |a 448.24 
082 |b N934/C.1,2 
245 0 |a Le nouvel entraînez-vous DALF : 
245 0 |b 250 activités 
245 0 |c Richard Lescure ... [et al.] 
260 |a Paris 
260 |b CLE International 
260 |c 2007 
650 |a French language,French language 
650 |x Study and teaching 
904 |i Giang 
910 |a Sách kèm CD và tài liệu số: AVA.000685, SUPPL.000013 
980 |a Trung tâm Học liệu Trường Đại học Cần Thơ